| 000 | 01010 a2200217 4500 | ||
|---|---|---|---|
| 001 | 36254 | ||
| 005 | 20260407155638.0 | ||
| 008 | 260407a1994 arg spa d | ||
| 003 | AR-UNSa-BCEJYS | ||
| 040 |
_aAR-UNSa-BCEJYS _bspa _cAR-UNSa-BCEJYS |
||
| 080 |
_a658.012.123 _xModelos de decisión. Diagramas de decisión. Árboles de decisión (Cursogramas) |
||
| 245 | 1 | 0 |
_aAnálisis de decisiones _ptécnicas de situaciones aplicables a directivos y profesionales |
| 020 | _a84-481-0189-8 | ||
| 264 | 1 |
_aMadrid : _bMcGraw-Hill _c1994 |
|
| 300 |
_a237 p. _c24 cm. |
||
| 505 | _a1. Introducción - 2. Características del decisor humano - 3. Decisiones en grupo - 4. El papel de la creatividad - 5. Resolución de problemas - 6. Estructuración - 7. Valoración( decisiones sin incertidumbre) - 8. Valoración ( decisiones con incertidumbre) - 9. Fase de resolución - 10. Ayudas a la decisión. | ||
| 041 | _aspa | ||
| 942 | _cBK | ||
| 590 | _aniveau_biblio:m niveau_hierar:0 | ||
| 100 | 1 | _aLeón, Orfelio G. | |
| 999 |
_c2625 _d2625 |
||